Pipefuls (Record no. 251954)
[ view plain ]
| 000 -LEADER | |
|---|---|
| fixed length control field | 01821cam a22002533a 4500 |
| 001 - CONTROL NUMBER | |
| control field | 22699 |
| 003 - CONTROL NUMBER IDENTIFIER | |
| control field | PGUSA |
| 005 - DATE AND TIME OF LATEST TRANSACTION | |
| control field | 20140828083501.0 |
| 008 - FIXED-LENGTH DATA ELEMENTS--GENERAL INFORMATION | |
| fixed length control field | 070921s2007||||xxu|||||s|||||000 e eng d |
| 040 ## - CATALOGING SOURCE | |
| Original cataloging agency | PGUSA |
| Language of cataloging | eng |
| 042 ## - AUTHENTICATION CODE | |
| Authentication code | dc |
| 050 #4 - LIBRARY OF CONGRESS CALL NUMBER | |
| Classification number | PS |
| 100 1# - MAIN ENTRY--PERSONAL NAME | |
| Personal name | Morley, Christopher, |
| Dates associated with a name | 1890-1957 |
| 245 10 - TITLE STATEMENT | |
| Title | Pipefuls |
| Medium | [electronic resource] / |
| Statement of responsibility, etc | Christopher Morley |
| 260 ## - PUBLICATION, DISTRIBUTION, ETC. (IMPRINT) | |
| Name of publisher, distributor, etc | Project Gutenberg, |
| Date of publication, distribution, etc | 2007 |
| 505 0# - FORMATTED CONTENTS NOTE | |
| Formatted contents note | On making friends -- Thoughts on cider -- One-night stands -- The owl train -- Safety pins -- Confessions of a "colyumist" -- Moving -- Surf fishing -- "Idolatry" -- The first commencement address -- The downfall of George Snipe -- Meditations of a bookseller -- If buying a meal were like buying a house -- Adventures in high finance -- On visiting bookshops -- A discovery -- Silas Orrin Howes -- Joyce Kilmer -- Tales of two cities: 1. Philadelphia: An early train. Ridge Avenue. The university and the urchin. Pine Street. Pershing in Philadelphia. Fall fever. Two days before Christmas. In West Philadelphia. Horace Traubel -- 2. New York: The anatomy of Manhattan. Vesey Street. Brooklyn Bridge. Three hours for lunch. Passage from some memoirs. First lessons in clowning. House hunting. Long Island revisited. On being in a hurry. Confessions of a human globule. Notes on a Fifth Avenue bus. Sunday morning. Venison pasty. Grand Avenue, Brooklyn -- On waiting for the curtain to go up -- Musings of John Mistletoe -- The world's most famous oration -- On laziness -- Teaching the prince to take notes -- A city notebook -- On going to bed. |
| 506 ## - RESTRICTIONS ON ACCESS NOTE | |
| Terms governing access | Public domain in the USA. |
| 516 ## - TYPE OF COMPUTER FILE OR DATA NOTE | |
| Type of computer file or data note | Electronic text |
| 653 ## - INDEX TERM--UNCONTROLLED | |
| Uncontrolled term | Essays |
| 700 1# - ADDED ENTRY--PERSONAL NAME | |
| Personal name | Duncan, Walter Jack, |
| Dates associated with a name | 1881-1941 |
| 830 #0 - SERIES ADDED ENTRY--UNIFORM TITLE | |
| Uniform title | Project Gutenberg |
| Volume number/sequential designation | 22699 |
| 856 40 - ELECTRONIC LOCATION AND ACCESS | |
| Uniform Resource Identifier | <a href="http://www.gutenberg.org/ebooks/22699">http://www.gutenberg.org/ebooks/22699</a> |
| 942 ## - ADDED ENTRY ELEMENTS (KOHA) | |
| Koha item type | eBooks |
| Withdrawn status | Lost status | Damaged status | Home library | Current library | Date acquired | Total Checkouts | Date last seen | Price effective from | Koha item type |
|---|---|---|---|---|---|---|---|---|---|
| Project Gutenberg | Project Gutenberg | 08/28/2014 | 08/28/2014 | 08/28/2014 | eBooks |